Logo BPK

Biblioteka

Politechniki Koszalińskiej

Wzory umów w obrocie krajowym z komentarzem / (Rekord nr 33732)

Szczegóły MARC
000 -ETYKIETA REKORDU
podpole kontrolne o stałej długości 00579nam a2200205 i 4500
001 - NUMER KONTROLNY REKORDU
pole kontrolne bg
020 ## - MIĘDZYNARODOWY ZNORMALIZOWANY NUMER KSIĄŻKI - ISBN
ISBN 838687791X
040 ## - ŹRÓDŁO KATALOGOWANIA
Instytucja, która utworzyła rekord BPK
041 0# - KOD JĘZYKA
Kod języka tekstu pl
080 ## - UNIWERSALNA KLASYFIKACJA DZIESIĘTNA - UKD
UKD 347.4:347.7:339.3](438)(083)
920 ## - Międzynarodowy znormalizowany numer książki – ISBN
ISBN 83-86877-91-X
008 - POLE O STAŁEJ DŁUGOŚCI - DANE KONTROLNE
podpole kontrolne o stałej długości s pl f |000 0 pol
245 00 - TYTUŁ/ODPOWIEDZIALNOŚĆ
Tytuł Wzory umów w obrocie krajowym z komentarzem /
Pozostałe elementy strefy tytułu i oznaczenia odpowiedzialności [aut. oprac. Henryk Golanowski et al.].
260 ## - STREFA ADRESU WYDAWNICZEGO
Miejsce wydania Gdańsk :
Nazwa wydawcy/dystrybutora "Info-Trade",
Data publikacji, dystrybucji/powstania dokumentu 1998.
300 ## - STREFA OPISU FIZYCZNEGO
Objętość 249, [1] s. ;
Rozmiary 23 cm.
650 #9 - HASŁO PRZEDMIOTOWE W FORMIE NAZWY OGÓLNEJ LUB JEDNOSTKOWEJ
Nazwa ogólna lub geograficzna Umowa
Określnik ogólny handel
Określnik geograficzny Polska
655 ## - TERMIN INDEKSOWY - OKREŚLENIE RODZAJU/FORMY DOKUMENTU
Określenie rodzaju/formy dokumentu Tablice i wzory
700 1# - HASŁO DODATKOWE - NAZWA OSOBOWA
Nazwa osobowa GOLANOWSKI, Henryk.
856 ## - LOKALIZACJA I DOSTĘP DO ELEKTRONICZNYCH DOKUMENTÓW ZDALNYCH
Link (URL) http://koha.tu.koszalin.pl/cgi-bin/koha/opac-detail.pl?biblionumber=33732
Tekst linku Katalog online BPK
942 ## - DODATKOWE ELEMENTY (KOHA)
Typ dokumentu Książka
Egzemplarze
Wycofany Status egzemplarza Uszkodzony Dostępność Lokalizacja stała Lokalizacja bieżąca Miejsce przechowywania Sygnatura Kod kreskowy Dział Typ dokumentu
      Tylko na miejscu Biblioteka Politechniki Koszalińskiej Biblioteka Politechniki Koszalińskiej Czytelnia Wydziałowa ul. Kwiatkowskiego 6e 45022 01340778 347 Prawo cywilne Książka
© 2023 Biblioteka Politechniki Koszalińskiej :: KOHA